|
|
|
|
| LEADER |
00997pmm a22003738a 4500 |
| 001 |
00031544 |
| 005 |
20171026081025.0 |
| 008 |
131220s2013 ||||||viesd |
| 020 |
|
|
|c 60000
|
| 041 |
0 |
# |
|a vie
|
| 082 |
1 |
4 |
|a 335.434 6
|b H450CH
|
| 245 |
0 |
0 |
|a Hồ Chí Minh toàn tập
|h nguồn liệu điện tử]
|
| 250 |
# |
# |
|a Xuất bản lần thứ 3
|
| 260 |
# |
# |
|a Hà Nội
|b Chính trị quốc gia
|c 2013
|
| 300 |
# |
# |
|a 1 CD
|c 4 3/4 in.
|
| 600 |
|
|
|a Hồ, Chí Minh
|
| 653 |
# |
# |
|a Chính trị
|
| 653 |
# |
# |
|a Hoạt động
|
| 653 |
# |
# |
|a Tư tưởng
|
| 653 |
# |
# |
|a Việt Nam
|
| 653 |
# |
# |
|a Đĩa CD
|
| 852 |
# |
# |
|b Kho đa phương tiện
|j DPT.0001755, KD.0017735
|
| 852 |
# |
# |
|j KD.0017735
|j DPT.0001755
|
| 910 |
|
|
|d 20/12/2013
|
| 980 |
# |
# |
|a Trung tâm Học liệu Lê Vũ Hùng, Trường Đại học Đồng Tháp
|